La democracia insensible : (Registro nro. 5146)

Detalles MARC
000 -LEADER
fixed length control field 01525nam a2200313Ia 4500
003 - CONTROL NUMBER IDENTIFIER
control field OSt
005 - DATE AND TIME OF LATEST TRANSACTION
control field 20200406225338.0
008 - FIXED-LENGTH DATA ELEMENTS--GENERAL INFORMATION
fixed length control field 191128s2013 ck gr 000 0 spa d
020 ## - INTERNATIONAL STANDARD BOOK NUMBER
International Standard Book Number 9789586958813
040 ## - CATALOGING SOURCE
Original cataloging agency CO-JMCR
Transcribing agency CO-JMCR
041 1# - LANGUAGE CODE
Language code of text/sound track or separate title spa
Language code of original fre
082 04 - DEWEY DECIMAL CLASSIFICATION NUMBER
Classification number 321.8 /
Item number N157d
Edition number 21
100 1# - MAIN ENTRY--PERSONAL NAME
Personal name Nanteuil, Matthieu de,
Relator term autor
9 (RLIN) 2587
245 13 - TITLE STATEMENT
Title La democracia insensible :
Remainder of title economía y política a prueba del cuerpo /
Statement of responsibility, etc. Matthieu de Nanteuil ; traducción Heriberto López
250 ## - EDITION STATEMENT
Edition statement Segunda edición
260 ## - PUBLICATION, DISTRIBUTION, ETC.
Place of publication, distribution, etc. Bogotá :
Name of publisher, distributor, etc. Universidad de los Andes,
Date of publication, distribution, etc. 2013
300 ## - PHYSICAL DESCRIPTION
Extent xviii, 224 páginas ;
Dimensions 24 cm.
490 0# - SERIES STATEMENT
Series statement Historia
504 ## - BIBLIOGRAPHY, ETC. NOTE
Bibliography, etc. note Bibliografía: páginas 213-224.
505 0# - FORMATTED CONTENTS NOTE
Formatted contents note ¿Un solo cuerpo? -- Mundo común, sensibilidad y división del trabajo -- ¿Una economía con rostro humano? -- El sentido político de los derechos humanos -- Sobre la utopía crítica
520 ## - SUMMARY, ETC.
Summary, etc. En lo que va del Siglo XXI, todo parece indicar que para Occidente la "cuestión del cuerpo" es un problema resuelto. A la liberación de los cuerpos propia de la generación del 68 le sucedieron las formas sensuales de la "pipolización" y la publicidad.
534 ## - ORIGINAL VERSION NOTE
Introductory phrase La Démocratie insensible : économie et politique à l'épreuve du corps.<br/>
546 ## - LANGUAGE NOTE
Language note Traducido del francés.
650 14 - SUBJECT ADDED ENTRY--TOPICAL TERM
Topical term or geographic name entry element Economía
General subdivision aspectos sociológicos
9 (RLIN) 2588
650 14 - SUBJECT ADDED ENTRY--TOPICAL TERM
Topical term or geographic name entry element Sociología política
9 (RLIN) 2589
650 14 - SUBJECT ADDED ENTRY--TOPICAL TERM
Topical term or geographic name entry element Democracia
General subdivision aspectos sociales
9 (RLIN) 2590
700 1# - ADDED ENTRY--PERSONAL NAME
Personal name López, Heriberto,
Relator term traductor
9 (RLIN) 2591
942 ## - ADDED ENTRY ELEMENTS (KOHA)
Source of classification or shelving scheme Dewey Decimal Classification
Koha item type Books
Existencias
Withdrawn status Lost status Source of classification or shelving scheme Damaged status Not for loan Collection code Home library Current library Date acquired Source of acquisition Cost, normal purchase price Total Checkouts Full call number Barcode Date last seen Copy number Koha item type
    Dewey Decimal Classification     Non-fiction Biblioteca Pública José María del Castillo y Rada Biblioteca Pública José María del Castillo y Rada 04/15/2018 Donación 0.00   321.8 / N157d 430001368 05/16/2024 Ej.1 Books